[Event "Copenhagen Chess Challenge 2019"]
[Site "Ballerup"]
[Date "2019.05.17"]
[Round "5.15"]
[White "Saltvedt, Martin"]
[Black "Rishovd, Svein"]
[Result "0-1"]
[WhiteElo "2018"]
[BlackElo "2105"]
[Annotator "TA"]
[PlyCount "140"]
[EventDate "2019.05.16"]
[EventCountry "DEN"]
[SourceTitle "playchess.com"]
[Source "ChessBase"]
[SourceQuality "1"]

{[%evp 9,142,-10,14,12,12,11,18,0,0,-10,-5,-11,-14,-16,-7,-12,0,0,0,-5,8,20,25,26,56,67,70,47,52,38,53,37,43,37,41,36,37,36,38,37,42,33,31,31,35,0,6,0,43,0,11,9,64,64,64,64,64,64,70,70,70,70,75,78,292,116,116,116,116,116,116,114,114,64,64,0,64,64,66,3,10,0,0,0,0,0,0,-8,-8,-8,-8,-8,-8,-118,-8,-8,-8,-8,-8,-8,-8,-416,-20,-31,-24,-37,-40,-29966,-29967,-29965,-29970,-29970,-29971,-29971,-29971,-29972,-29972,-29982,-29983,-29983,-29984,-29989,-29990,-29990,-29991,-29993,-29994,-29994,-29995,-29995,-29995,-29996,-29996,-29996,-29995]} 1. d4 d5 2. Bf4 c5 3. c3 Nc6 4. e3 Nf6 5. Nd2 cxd4 (5... Qb6 6. Qb3 Nh5 7. Qxb6 axb6 8. Bc7 cxd4 9. exd4 e5 10. Bxe5 Nxe5 11. dxe5 Bc5 12. g3 O-O {1-0 (76) Aronian,L (2765)-Caruana,F (2832) London 2018}) 6. exd4 {D00: 1 d4 d5: Unusual lines} Bf5 7. Ngf3 e6 8. Bb5 {The position is equal.} a6 9. Ba4 (9. Be2 {is interesting.} h6 10. O-O Be7 11. h3 O-O 12. Re1) 9... b5 10. Bc2 Bxc2 11. Qxc2 Be7 12. O-O Nh5 $146 ({Predecessor:} 12... O-O) 13. Be3 O-O 14. Ne5 $36 {[%mdl 2048] White has some pressure.} Nxe5 (14... Qc7 {looks sharper.} 15. Ndf3 Nf6 16. Nxc6 Qxc6 17. Ne5 Qc7) 15. dxe5 g6 16. f4 f5 17. Nb3 Qc7 18. Qf2 Rfc8 19. Rac1 Ng7 20. Kh1 Rab8 21. Rg1 a5 22. Nd4 Qd7 23. Qe2 b4 24. cxb4 axb4 25. Rc2 Rxc2 26. Qxc2 Rc8 27. Qb3 Rc4 28. Rc1 Qc8 29. Qd1 Bc5 30. b3 Bxd4 (30... Rc3 $11 31. Rxc3 bxc3) 31. Rxc4 $14 dxc4 32. Qxd4 cxb3 $1 33. axb3 Qc3 34. Qxc3 bxc3 {[%mdl 4096] Endgame KB-KN} 35. Kg1 Kf7 36. Kf2 Ke8 $2 (36... Ne8 $16 {was called for.}) 37. Ke2 $2 (37. b4 $1 $18 {is the precise move to win.}) 37... Kd7 $16 38. Kd3 c2 39. Kxc2 Kc6 40. Kd3 Ne8 41. Ke2 Nc7 42. Kf3 (42. g3 $14) 42... Kd5 ({Better is} 42... Kb5 $11) 43. Bb6 $14 Nb5 44. g4 (44. Ke3 $14) 44... Nc3 45. gxf5 gxf5 46. Be3 Nb5 47. Kg3 Ke4 48. Bc5 Nc3 49. b4 $1 Ne2+ {[%mdl 64] Double Attack} 50. Kh4 Nxf4 51. Bd6 {[#]} (51. b5 $11 {keeps the balance.}) 51... Ng6+ ({Black should play} 51... Nd5 $1 $17 {With the idea ...Kd4.} 52. Bc5 Nc3) 52. Kg5 $11 Nxe5 {Hoping for ...Nf7+.} 53. Kf6 Nc4 54. Bc5 Kd5 {Threatens to win with ...f4.} 55. Bf2 $2 {[%mdl 8192] [#]} (55. Kg7 $1 $11) 55... Ne5 $2 ({Black should try} 55... Nd6 $1 $19 {[%cal Rd6e4] White must now prevent ...Ne4+.} 56. Bg1 f4) 56. Bg3 Nd3 {aiming for ...f4.} 57. b5 f4 58. Bxf4 $2 {[%mdl 8192]} (58. Bh4 $15) 58... Nxf4 $15 {KN-KPP. Black mates.} 59. b6 Kc6 60. Ke5 Kxb6 61. Kxf4 {KPP-KP} Kc6 62. Ke5 Kd7 63. Kf6 Kd6 64. h4 e5 65. h5 e4 66. h6 e3 67. Kg7 e2 68. Kxh7 e1=Q 69. Kg7 Qg3+ 70. Kh8 Ke7 0-1

[Event "Copenhagen Chess Challenge 2019"]
[Site "Ballerup"]
[Date "2019.05.18"]
[Round "6.1"]
[White "Andersen, Kim Nyvang"]
[Black "Eriksson, Christian Altenburg"]
[Result "0-1"]
[WhiteElo "2004"]
[BlackElo "2146"]
[Annotator "NA RC"]
[PlyCount "68"]
[EventDate "2019.05.16"]
[EventCountry "DEN"]
[SourceTitle "playchess.com"]
[Source "ChessBase"]
[SourceQuality "1"]

{[%evp 28,67,0,-12,32767,32767,-20,-8,-22,-12,-8,-8,-21,-12,-13,32767,-12,32767,-32,-41,-29,32767,32767,-49,-23,-43,32767,-68,32767,32767,32767,-191,-201,-668,32767,32767,32767,-29997,-201,-29998,-29999,-29999]} 1. d4 d5 2. c4 c6 3. Nf3 Nf6 4. Qc2 dxc4 5. Qxc4 Bf5 6. Nc3 e6 7. Bg5 Qb6 {D23: Queen's Gambit Accepted: 3 Nf3 Nf6 sidelines} (7... Be7 8. e3 Nbd7 9. Nh4 Bg4 10. h3 Bh5 11. Be2 Bxe2 12. Qxe2 Qa5 13. Bxf6 Nxf6 14. O-O c5 15. dxc5 Qxc5 {½-½ (81) Vaulin,A (2530)-Ibragimov,I (2585) Sochi 1997}) 8. O-O-O Nbd7 9. Nh4 h6 $146 ({Predecessor:} 9... Bb4 10. Nxf5 exf5 11. Bd2 O-O 12. e3 Bxc3 13. Bxc3 Ne4 14. Be1 Rfe8 15. Kb1 {1-0 (47) Buczinski,H (2158)-De Waele,W (1767) LSS email 2008}) 10. Bxf6 Nxf6 11. Nxf5 exf5 12. e3 Bb4 13. Bd3 Qa5 14. a3 Be7 15. Qa4 Qxa4 16. Nxa4 g6 17. Nc3 O-O 18. h3 Rad8 19. Be2 Ne4 20. Nxe4 fxe4 21. h4 Kg7 22. f4 exf3 23. gxf3 h5 24. Rd3 b6 25. Kc2 Rd7 26. Kc3 Rfd8 27. b4 c5 28. bxc5 bxc5 29. Kc4 (29. d5 $17) 29... cxd4 30. exd4 $19 (30. Rxd4 Rc7+ 31. Kd3) 30... Rc7+ 31. Kb3 Rb8+ 32. Ka4 Rc4+ 33. Ka5 Bd8+ 34. Ka6 Ra4# 0-1

[Event "Copenhagen Chess Challenge 2019"]
[Site "Ballerup"]
[Date "2019.05.18"]
[Round "6.2"]
[White "Tandrup, Michael"]
[Black "Haubro, Sigfred"]
[Result "1/2-1/2"]
[WhiteElo "1982"]
[BlackElo "2109"]
[Annotator "TA"]
[PlyCount "60"]
[EventDate "2019.05.16"]
[EventCountry "DEN"]
[SourceTitle "playchess.com"]
[Source "ChessBase"]
[SourceQuality "1"]

{[%evp 9,60,-32,0,0,-2,0,12,-22,-16,-32,-26,-37,-28,-28,0,0,-7,-12,10,7,20,13,18,-4,-7,-29,-29,-45,-39,-68,-61,-61,-62,-63,-53,-83,-36,-46,-16,-39,0,0,0,-11,-1,-1,0,-1,0,0,0,0,0]} 1. b3 e5 2. Bb2 Nc6 3. c4 Nf6 4. e3 Be7 5. Be2 (5. a3 O-O 6. Qc2 Re8 7. Nc3 Bf8 8. Bd3 g6 9. Nge2 d5 10. cxd5 Nxd5 11. Nxd5 Qxd5 12. Be4 Qc5 13. Qxc5 Bxc5 {½-½ (55) Mista,A (2584)-Areshchenko,A (2654) Warsaw 2016}) 5... O-O 6. Nf3 {A01: Nimzowitsch-Larsen Opening} e4 7. Nd4 Nb4 $146 ({Predecessor:} 7... Nxd4 8. Bxd4 c5 9. Bxf6 Bxf6 10. Nc3 b6 11. O-O Bb7 12. Rc1 Bxc3 13. Rxc3 {1-0 (63) Punzon Moraleda,J (2485)-Talpak,T (2468) ICCF email 2016}) 8. O-O d5 9. cxd5 Nfxd5 10. Nc3 c5 11. Ndb5 a6 (11... Nf6 {feels hotter.} 12. Na3 a6 13. Nc4 b5 14. Ne5 Qd6) 12. Nxd5 Nxd5 13. Nc3 Bf6 14. Rb1 Bf5 15. Nxd5 Bxb2 16. Rxb2 {[#] Black must now prevent Nf4.} Qxd5 17. f3 Rad8 $36 {[%mdl 2048] Black is more active.} 18. fxe4 Bxe4 19. Bf3 Qe5 20. Qc1 Bd3 21. Rf2 b5 22. a4 Rb8 {[#] aiming for ...bxa4.} 23. axb5 Rxb5 (23... axb5 {looks sharper.} 24. Bd1 Ra8 25. Bc2 Bxc2 26. Qxc2 g6) 24. Qc3 Qxc3 (24... Qd6 {keeps more tension.} 25. Be2 Bxe2 26. Rxe2 Rfb8 27. Rf2 Qd5) 25. dxc3 {The position is equal.} c4 26. bxc4 (26. b4 {with more complications.} Re8 27. Ra2 Rxe3 28. Rfb2 Re1+ 29. Kf2) 26... Bxc4 27. Rxb5 axb5 28. Rb2 Rc8 29. Kf2 g6 30. Be2 Bxe2 {Accuracy: White = 46%, Black = 54%.} 1/2-1/2

[Event "Copenhagen Chess Challenge 2019"]
[Site "Ballerup"]
[Date "2019.05.18"]
[Round "6.3"]
[White "Shehzad, Shazil"]
[Black "Haub, Thorsten Michael"]
[Result "0-1"]
[WhiteElo "2016"]
[BlackElo "2398"]
[Annotator "TA"]
[PlyCount "56"]
[EventDate "2019.05.16"]
[EventCountry "DEN"]
[SourceTitle "playchess.com"]
[Source "ChessBase"]
[SourceQuality "1"]

{[%evp 24,114,-22,-12,0,0,25,-29,-16,-4,0,-17,0,-27,-8,-31,-18,-15,-15,-54,0,-18,0,-32,-50,-70,-66,-81,-13,-57,-40,-65,-52,-101,0,-182,-104,-152,-143,-231,-179,-259,-250,-256,-182,-169,-178,-172,-163,-185,-177,-182,-183,-229,-222,-281,-262,-262,-268,-316,-197,-296,-302,-301,-299,-239,-221,-337,-333,-375,-381,-362,-331,-475,-472,-629,-504,-776,-782,-5520,-5289,-5269,-5281,-29986,-29987,-29991,-29991,-29991,-29990,-29990,-29990,-29991,-29991]} 1. e4 e6 2. d4 d5 3. Nd2 Be7 4. Bd3 c5 5. c3 cxd4 6. cxd4 dxe4 7. Nxe4 Nf6 8. Nc3 O-O 9. Nf3 b6 10. O-O Bb7 11. Be3 Nc6 12. a3 Rc8 13. Qe2 {[#]} Rc7 $146 {D40: Queen's Gambit Declined: Semi-Tarrasch with 5 e3} ({Predecessor:} 13... Nd5 14. Rad1 Na5 15. Ne4 Nf6 16. Nc3 Nd5 17. Ne4 Nf6 18. Nxf6+ Bxf6 19. Ne5 Qd5 20. Qg4 g6 21. f3 {0-1 (35) Flores,D (2558)-Vescovi,G (2617) Linares 2008}) 14. Rad1 Qa8 15. Ba6 (15. d5 $142 exd5 16. Bg5) 15... Na5 {Black has an edge.} 16. Bxb7 Qxb7 17. Bf4 Rcc8 18. Ne5 Rfd8 19. Rfe1 Nd5 20. Nxd5 Qxd5 21. Qh5 Rf8 ({Black should try} 21... g6 $15 22. Qe2 Nc4) 22. Qg4 (22. Rd3 $5 {[%cal Rd3h3]} f6 23. Rh3 fxe5 24. Qxh7+ Kf7 25. Bxe5 $16) 22... Nc4 23. Nxc4 (23. Bh6 {looks sharper.} Bf6 24. b3 Nxa3 25. Rd3 Nb5 26. Bxg7 h5 27. Qxh5 Bxg7 28. Rg3) 23... Rxc4 24. Re5 Qd8 25. Be3 Bd6 (25... Qc7 $17 26. Rh5 g6) 26. Rh5 {With the idea Bh6!} Qf6 27. Qh3 Qg6 $40 {[%mdl 128] Black attacks.} 28. Rg5 {[#]} Rxd4 {Played: Qg6-c2} 0-1

[Event "Copenhagen Chess Challenge 2019"]
[Site "Ballerup"]
[Date "2019.05.18"]
[Round "6.3"]
[White "Tenold, Andreas"]
[Black "Svendsen, Mads O."]
[Result "1/2-1/2"]
[WhiteElo "1969"]
[BlackElo "2062"]
[Annotator "NA RC"]
[PlyCount "114"]
[EventDate "2019.05.16"]
[EventCountry "DEN"]
[SourceTitle "playchess.com"]
[Source "ChessBase"]
[SourceQuality "1"]

1. d4 Nf6 2. c4 g6 3. Nc3 d5 4. cxd5 Nxd5 5. e4 Nxc3 6. bxc3 Bg7 7. Bc4 c5 8. Ne2 Nc6 9. Be3 O-O 10. O-O b6 11. dxc5 {D87: Exchange Grünfeld: Classical Line: Variations without ...cxd4} Na5 $146 ({Predecessor:} 11... Qc7 12. Nd4 Ne5 13. Nb5 Qb8 14. Be2 bxc5 15. Rb1 a6 16. Na3 Qc7 17. f4 Rd8 18. Qc2 Ng4 19. Bxg4 Bxg4 {1-0 (38) Karjakin,S (2782)-Vachier Lagrave,M (2789) Stavanger 2018}) 12. Qxd8 Rxd8 13. Bd5 Ba6 14. Rfe1 Rab8 15. cxb6 axb6 16. Rac1 e6 17. Bb3 $1 Nxb3 18. axb3 Bxe2 19. Rxe2 Bxc3 $1 20. Rec2 Bd4 21. Bxd4 Rxd4 22. f3 Rd3 23. Rb2 Rbd8 24. Rcc2 R8d4 25. b4 Kg7 26. b5 Kf6 27. Kf2 Ke5 28. Rc6 Rd6 29. Rcc2 f5 30. exf5 gxf5 31. Ke2 h5 32. Rc4 R3d4 33. Rc3 h4 34. Rc8 Rd8 35. Rc6 f4 36. Rc1 h3 37. gxh3 Rh8 38. Kf2 Rxh3 39. Kg2 Rh5 40. Rc6 Rg5+ 41. Kf2 Rd1 42. Re2+ ({Wrong is} 42. Rxb6 $2 Rdg1 $19) 42... Kd4 (42... Kd5 $11) 43. Rd6+ $1 ({Not} 43. Rxb6 $2 Rdg1 $19) 43... Rd5 44. Rxb6 Kc5 45. Rbxe6 Kxb5 46. R6e4 Rf5 47. Rb2+ Kc5 48. Rbb4 $11 (48. Rc2+ $16 Kd6 49. Ra2) 48... Rd2+ 49. Ke1 Rxh2 50. Rxf4 Rxf4 51. Rxf4 Kd5 52. Re4 Ra2 53. Re2 Rxe2+ 54. Kxe2 Ke5 55. Ke3 Kf5 56. f4 Kf6 57. Ke4 {Ke5+} Ke6 1/2-1/2

[Event "Copenhagen Chess Challenge 2019"]
[Site "Ballerup"]
[Date "2019.05.18"]
[Round "6.4"]
[White "Hacker, Jonas"]
[Black "Okhotnik, Vladimir"]
[Result "1-0"]
[WhiteElo "2386"]
[BlackElo "2347"]
[Annotator "TA"]
[PlyCount "97"]
[EventDate "2019.05.16"]
[EventCountry "DEN"]
[SourceTitle "playchess.com"]
[Source "ChessBase"]
[SourceQuality "1"]

{[%evp 10,97,25,0,31,-15,-16,-35,-31,-45,-7,0,0,-33,0,0,0,-13,-22,-27,0,-23,-23,-35,-20,-19,-21,-18,-27,-28,-31,-57,35,27,37,5,9,14,23,18,62,6,6,14,4,-28,-25,-41,0,0,0,0,0,0,0,0,99,116,256,260,409,379,408,427,420,382,379,383,403,364,537,533,534,534,517,335,330,320,475,470,453,458,447,368,352,335,524,524,29980,29981]} 1. e4 c6 2. d4 d5 3. e5 Bf5 4. h4 h6 5. g4 Bd7 6. h5 e6 {B12: Caro-Kann: Advance Variation} (6... c5 7. c3 Nc6 8. Na3 e6 9. Nc2 Qb6 10. f4 cxd4 11. cxd4 Nb4 12. Nf3 Nxc2+ 13. Qxc2 Rc8 14. Qd3 {0-1 (54) Inarkiev,E (2682)-Riazantsev,A (2692) Dubai 2014}) 7. Be3 Qb6 8. Nd2 {[%cal Bb1d2,Bd2b3,Bb3c5][%mdl 32]} c5 {Black is slightly better.} 9. dxc5 $146 ({Predecessor:} 9. Ngf3 Nc6 10. dxc5 Bxc5 11. Bxc5 {½-½ (54) Qiu,M (2215)-Zhao,X (2490) Beijing 2017}) 9... Bxc5 10. Bxc5 Qxc5 11. Ngf3 Nc6 12. c3 Qb6 13. Nb3 $1 f6 14. Qe2 Qc7 {[%cal Rf6e5]} 15. exf6 Nxf6 16. Nc5 O-O-O $1 17. g5 ({Don't blunder} 17. Nxe6 $2 Bxe6 18. Qxe6+ Kb8 $19) 17... hxg5 18. Nxg5 Rde8 19. Rh4 ({Don't go for} 19. Ngxe6 $2 Qd6 $19) 19... e5 20. O-O-O Qa5 (20... Kb8 $1 $15) 21. Nxd7 $14 Kxd7 22. Bh3+ Kc7 $132 {[%mdl 2048] Black has counterplay} 23. Kb1 Re7 24. Qf3 Rh6 25. Bf5 ({White should try} 25. Qg2 $14) 25... Kb8 $11 26. Bg6 {[#] Black must now prevent Nf7.} Qc7 27. Qf5 e4 28. f4 Nd8 29. Nh7 Nxh7 30. Bxh7 Rd6 31. Rxd5 e3 32. Rh1 $1 Rxd5 (32... Nf7 $11 {remains equal.} 33. Bg6 a6) 33. Qxd5 $16 g5 (33... Nf7 $16 {was worth a try.}) 34. hxg6 $18 ({Weaker is} 34. fxg5 Rxh7 35. g6 Rd7 $11) 34... e2 (34... Nc6 $142 35. Qg8+ Nd8) 35. Qd2 Ne6 36. Qxe2 Nxf4 37. Qc2 Qe5 38. a3 a6 39. Rd1 Qg5 (39... Rg7 $142 40. Qf2 Ne6) 40. Qd2 Qf5+ 41. Ka1 {[#] Threatens to win with Qd8+.} Qe5 42. Qd6+ Qxd6 43. Rxd6 {[%mdl 4096] Endgame KRB-KRN} Re1+ (43... Nh5 {keeps fighting.} 44. c4 a5) 44. Ka2 Rg1 45. Rd7 {g7 is the strong threat.} Nh5 46. a4 a5 47. Rd5 Nf6 (47... Nf4 $142) 48. Rf5 Nxh7 49. gxh7 {Accuracy: White = 51%, Black = 49%.} 1-0

[Event "Copenhagen Chess Challenge 2019"]
[Site "Ballerup"]
[Date "2019.05.18"]
[Round "6.4"]
[White "Sidali, Elias Hulleberg"]
[Black "Sorensen, Per Settergren"]
[Result "1-0"]
[WhiteElo "1953"]
[BlackElo "2030"]
[Annotator "NA RC"]
[PlyCount "111"]
[EventDate "2019.05.16"]
[EventCountry "DEN"]
[SourceTitle "playchess.com"]
[Source "ChessBase"]
[SourceQuality "1"]

{[%evp 30,109,30,-47,103,32767,93,90,92,91,94,32767,97,94,95,109,81,51,32767,32767,32767,66,32767,32767,71,32767,83,83,96,103,93,94,114,32767,32767,32767,32767,32767,32767,32767,32767,32767,32767,32767,32767,32767,121,32767,187,179,32767,222,231,32767,32767,186,32767,32767,32767,32767,278,289,329,449,5505,29979,32767,29976,32767,29985,29982,29975,29978,29976,29988,29989,29989,29990,29990,29989,29989,29990]} 1. e4 e5 2. Nf3 Nc6 3. Bb5 a6 4. Ba4 d6 5. O-O Bd7 6. c3 g6 7. d4 Bg7 8. Re1 b5 9. Bb3 Nf6 10. a4 {C79: Ruy Lopez: Steinitz-type lines with 3...a6 4 Ba4 Nf6 5 0-0 d6} O-O 11. Bg5 (11. h3 Re8 12. d5 Na5 13. Bc2 c6 14. b4 Nc4 15. dxc6 Bxc6 16. Nbd2 Nxd2 17. Bxd2 d5 18. axb5 axb5 19. Rxa8 Qxa8 20. exd5 Bxd5 {1-0 (29) Ni,H (2671)-Safarli,E (2639) Riadh 2017}) 11... h6 12. Bh4 Qe7 13. Bd5 $146 ({Predecessor:} 13. Nbd2 Rfb8 14. Bd5 Qe8 15. dxe5 dxe5 16. axb5 axb5 17. Rxa8 Rxa8 {0-1 (40) Day,L-Macskasy,E Toronto 1972}) 13... Rab8 14. axb5 axb5 15. Ra6 Nd8 16. Ra7 ({White should play} 16. Bb3 $14 b4 17. Bc4) 16... c6 (16... g5 $15 {keeps the upper hand.} 17. Bg3 Nxd5 18. exd5 f5) 17. dxe5 dxe5 18. Bxf6 Bxf6 {[#]} 19. Bxc6 $1 {Pin} Nxc6 20. Rxd7 Rfd8 21. Rxe7 Rxd1 22. Rxd1 Bxe7 23. Nbd2 (23. b4 $16) 23... Rb7 24. Nf1 b4 25. Ne3 bxc3 26. bxc3 h5 27. Nd5 Bc5 28. Kf1 Rb2 29. Rd2 Rxd2 30. Nxd2 Kg7 31. Ke2 f5 32. f3 Kf7 33. Kd3 Ke6 34. Kc4 Bg1 35. h3 Na5+ 36. Kb5 Nb7 37. Nc4 Nc5 (37... fxe4 $1 $14 38. fxe4 Nc5) 38. Nc7+ Kd7 {[#]} (38... Ke7 $16) 39. Na6 $1 Nd3 40. Nb4 Ne1 41. Nxe5+ Ke6 42. Nxg6 fxe4 43. fxe4 Nxg2 44. Nd3 Kf6 45. Nge5 Nh4 46. c4 Ng6 (46... Bh2 $142 47. Nc6 Ng6) 47. Nxg6 Kxg6 48. c5 Kf6 49. c6 Ke6 50. Nf4+ Kd6 51. e5+ Kc7 52. Nd5+ Kd8 53. c7+ Kd7 {[#]} 54. e6+ {Promotion} Kxe6 55. c8=Q+ Kxd5 56. Qg8+ 1-0

[Event "Copenhagen Chess Challenge 2019"]
[Site "Ballerup"]
[Date "2019.05.18"]
[Round "6.5"]
[White "Brynell, Stellan"]
[Black "Ramsdal, Jens Albert"]
[Result "1-0"]
[WhiteElo "2406"]
[BlackElo "2245"]
[Annotator "TA"]
[PlyCount "73"]
[EventDate "2019.05.16"]
[EventCountry "DEN"]
[SourceTitle "playchess.com"]
[Source "ChessBase"]
[SourceQuality "1"]

{[%evp 18,73,97,100,101,102,113,113,107,95,106,104,109,100,141,135,136,139,154,152,188,187,239,231,224,234,412,400,461,412,516,326,321,313,405,418,411,416,419,411,401,402,448,455,430,391,581,590,611,590,620,617,662,650,639,633,1629,1629]} 1. d4 Nf6 2. Nf3 e6 3. c4 c5 4. g3 cxd4 5. Nxd4 d5 6. Bg2 Bb4+ 7. Nc3 O-O 8. O-O e5 9. Nc2 Bxc3 10. bxc3 dxc4 {E20: Nimzo-Indian: 4 g3 and 4 f3} 11. Ba3 Qxd1 12. Rfxd1 Re8 {White is better.} 13. Ne3 e4 ({Predecessor:} 13... Nc6 14. Nxc4 {1-0 (36) Rakic,M (2292)-Batyte,D (2154) Vienna 2014}) 14. Nxc4 Nc6 15. Nd6 Re5 16. c4 Bg4 17. f3 $146 (17. Bb2 Re7 18. Bxf6 gxf6 19. Bxe4 Bxe2 {½-½ (49) Drazic,S (2545)-Govedarica,R (2395) Kragujevac 2010}) 17... exf3 18. exf3 Be6 19. Nxb7 {[#] And now f4 would win.} Re3 (19... Re2 $142 20. f4 Bd7) 20. Bc5 $18 Re2 21. f4 Ne4 $2 (21... Rxg2+ 22. Kxg2 Bxc4) 22. Bf3 Bxc4 23. Rac1 Ba6 24. Bxe2 Bxe2 25. Re1 Nxc5 26. Rxc5 ({Weaker is} 26. Rxe2 Nd4 $14) 26... Nd4 {and the idea ...Nf3+ leaves Black hopeful.} 27. Kf2 Bg4 28. Rd5 Ne6 29. f5 Nf8 30. Re7 a6 31. a3 g6 (31... f6 $142 32. Rc5 Rb8) 32. Rd8 {White is clearly winning.} Rxd8 33. Nxd8 Bxf5 34. Nxf7 Bd3 35. Ne5 Bb5 36. Ng4 Nd7 {[#]} 37. Rxd7 $1 {[%mdl 576] Remove Defender. Accuracy: White = 100%, Black = 59%.} 1-0

[Event "Copenhagen Chess Challenge 2019"]
[Site "Ballerup"]
[Date "2019.05.18"]
[Round "6.5"]
[White "Nielsen, Thomas Bach"]
[Black "Saltvedt, Martin"]
[Result "1/2-1/2"]
[WhiteElo "2127"]
[BlackElo "2018"]
[Annotator "NA RC"]
[PlyCount "84"]
[EventDate "2019.05.16"]
[EventCountry "DEN"]
[SourceTitle "playchess.com"]
[Source "ChessBase"]
[SourceQuality "1"]

{[%evp 23,81,45,26,39,42,28,32767,28,68,25,12,21,60,11,32767,9,52,56,51,26,41,32767,32767,24,16,19,12,32767,32767,32767,32767,32767,32767,-20,32767,-19,32767,32767,-25,-21,32767,32767,32767,32767,32767,-33,-37,-27,-37,-18,-29,-29,0,0,-4,0,0,5,0,0]} 1. d4 Nf6 2. c4 e6 3. Nf3 d5 4. Nc3 Be7 5. Bf4 a6 6. e3 O-O 7. a3 {D37: Queen's Gambit Declined: 5 Bf4} (7. cxd5 Nxd5 8. Nxd5 exd5 9. Bd3 Bb4+ 10. Nd2 Nc6 11. a3 Bd6 12. Bxd6 Qxd6 13. Qc2 g6 14. Rc1 Bd7 {½-½ (40) Wojtaszek,R (2746)-Sokolov,I (2623) Montpellier 2015}) 7... Re8 8. Qc2 $146 ({Predecessor:} 8. Rc1 Nc6 9. Ne5 Nb8 10. c5 Nbd7 11. Bd3 Nf8 12. b4 Ng6 13. Bg3 Nd7 14. Nxg6 hxg6 {0-1 (42) Parjiani,T (1893)-Stojadinov,S (1810) Batumi 2010}) 8... dxc4 9. Bxc4 b5 10. Be2 Bb7 11. O-O Nh5 12. Bg3 Nxg3 13. hxg3 Nd7 14. Rad1 Nf6 15. Ne5 Bd6 16. Nd3 Qe7 17. b4 e5 18. Nc5 Bxc5 19. dxc5 Rad8 20. Rxd8 Rxd8 21. Rd1 g6 22. Rxd8+ Qxd8 23. Qd3 Qxd3 24. Bxd3 Nd5 25. Nxd5 Bxd5 26. f3 f6 27. Kf2 Kf7 28. Ke2 f5 29. e4 fxe4 30. fxe4 Be6 31. Ke3 Kf6 32. Bc2 c6 33. a4 Kg5 34. axb5 axb5 35. Bd1 h5 36. Bf3 Bg4 37. Kf2 $1 h4 38. gxh4+ Kxh4 39. g3+ $1 Kh3 40. Bg2+ Kh2 41. Bf1 $11 Bd1 42. Bd3 Bg4 1/2-1/2

[Event "Copenhagen Chess Challenge 2019"]
[Site "Ballerup"]
[Date "2019.05.18"]
[Round "6.6"]
[White "Unneland, Mathias"]
[Black "Egli, Urs"]
[Result "0-1"]
[WhiteElo "2009"]
[BlackElo "1906"]
[Annotator "NA RC"]
[PlyCount "68"]
[EventDate "2019.05.16"]
[EventCountry "DEN"]
[SourceTitle "playchess.com"]
[Source "ChessBase"]
[SourceQuality "1"]

1. d4 d6 ({Predecessor:} 1... Nf6 2. c4 g6 3. Nc3 c5 4. d5 d6 5. Nf3 Bg7 6. h3 e6 7. Bf4 e5 8. Bg5 O-O 9. Qd2 a6 10. e4 {½-½ (13) Wang,X (2041)-Wang,D (2130) Kecskemet 2012}) 2. Nf3 Nf6 3. c4 Nbd7 4. Nc3 e5 5. d5 c5 6. e4 {A54: Old Indian Defence with Nf3, but without e4} g6 $146 (6... Be7 7. g3 a6 8. a4 Nf8 9. a5 Bd7 10. h4 h6 11. Bh3 Bxh3 12. Rxh3 N8d7 13. h5 Nh7 14. Rh1 O-O {½-½ (54) Rodshtein,M (2678)-Rapport,R (2720) Germany 2014}) 7. Bg5 Bg7 8. h3 O-O 9. Qd2 a6 10. Be2 Rb8 11. O-O Qa5 12. a4 Ne8 13. Be7 f5 14. Bxf8 Nxf8 15. exf5 gxf5 16. Ne1 Qc7 17. Nc2 Qe7 18. f4 Bh6 19. Rae1 ({White should try} 19. g3 $14) 19... Qh4 20. Kh2 Bxf4+ 21. Rxf4 exf4 22. Bf3 Bd7 23. b3 Ng6 24. Ne2 Nf6 25. Rf1 Ne4 26. Bxe4 $1 fxe4 27. Nxf4 Re8 28. Qe3 Qg5 29. a5 Qe5 30. Kh1 (30. g3 $14 {keeps the upper hand.}) 30... Rf8 31. g3 {[#]} Bxh3 $1 32. Re1 $19 (32. Rf2 $17 Bf5 33. Kg1) 32... Bg4 33. Rg1 Bf3+ 34. Kh2 Rf5 0-1